| 000 | 00856cam a22002414a 4500 | ||
|---|---|---|---|
| 020 | _a1856499758 (cased) | ||
| 020 | _a1856499766 (limp) | ||
| 040 | _cDLC | ||
| 082 | 0 | 0 | _a363 ZED 2001 A117 Or. |
| 245 | 0 | 0 |
_aEvaluating International Humanitarian Action: _breflection from practitioners / |
| 260 |
_aLondon ; _aNew York : _bZed Books, _cc2001. |
||
| 300 |
_axxi, 222 p. : _bill., maps ; _c22 cm. |
||
| 650 | 0 | _aDisaster relief | |
| 650 | 0 | _aHumanitarian assistance | |
| 650 | 0 | _aEvaluation research (Social action programs) | |
| 700 | 1 | _aWood, Adrian P. | |
| 700 | 1 | _aApthorpe, Raymond J. | |
| 700 | 1 | _aBorton, John, | |
| 856 | 4 | 2 | _uhttp://www.loc.gov/catdir/bios/hol059/2001017626.html |
| 856 | 4 | 2 | _uhttp://www.loc.gov/catdir/description/hol051/2001017626.html |
| 856 | 4 | 1 | _uhttp://www.loc.gov/catdir/toc/hol051/2001017626.html |
| 942 | _cAEDBB | ||
| 999 |
_c17553 _d17553 |
||